000 00655cam a2200229 4500
001 D1216
008 071126s1980 xxka f 000 0ceng
035 _a(Sirsi) u63093
041 _aeng
050 0 4 _a920 $2 18
100 1 _aBarber, Derek
245 0 0 _aHumberts into the eighties
_ba history of Humberts Chartered Surveyors from 1842 to 1980
260 _a[London]
_b[Humberts]
_c1980
300 _a101 p.
_bill.
_c21 cm.
350 _a0
520 _aA history of the firm of Humberts.
610 2 4 _aHumberts
_92317
651 4 _aUnited Kingdom
_y
690 _aABOUT RICS-RICS MEMBERS-CHARTERED SURVEYORS
942 _n0
948 _c04/03/1997
999 _c94510
_d94510